Understanding school bullying its nature & prevention strategies

Kaydedildi:
Detaylı Bibliyografya
Yazar: SMITH, Peter K.
Materyal Türü: Kitap
Dil:İngilizce
Baskı/Yayın Bilgisi: Sage Publications. 2014
Etiketler: Etiketle
Etiket eklenmemiş, İlk siz ekleyin!

MARC

LEADER 00000nam a22000007a 4500
008 210323b ||||| |||| 00| 0 eng d
020 |a 978-1-84787-905-9 
100 |a SMITH, Peter K. 
245 |a Understanding school bullying  |b its nature & prevention strategies  |c Smith K. Peter 
260 |b Sage Publications.  |c 2014  |h Los Angeles  |i 692427  |i 692428  |l LB3011 .Sm5  |m School discipline – Great Britain.  |m Building – Great Britain  |m Aggressiveness in children – Great Britain.  |m School psychology – Great Britain. 
500 |a “It includes references and index” 
942 |a lcc  |c BK  |e YUNUSA, A.A.  |f 23/03/2021 
952 |0 0  |1 0  |2 lcc  |4 0  |6 LB3011 S M5  |7 0  |9 1983  |a HOL  |b ED  |c LP  |d 2021-03-23  |l 0  |o LB3011 .Sm5  |p 2021-5844  |r 2021-03-23 00:00:00  |w 2021-03-23  |y BK 
952 |0 0  |1 0  |2 lcc  |4 0  |6 LB3011 S M5  |7 0  |9 1984  |a HOL  |b HOL  |c LP  |d 2021-03-23  |l 0  |o LB3011 .Sm5  |p 2021-5845  |r 2021-03-23 00:00:00  |w 2021-03-23  |y BK 
999 |c 1039  |d 1039